<?xml version="1.0" encoding="UTF-8"?>
<record
    xmlns:xsi="http://www.w3.org/2001/XMLSchema-instance"
    xsi:schemaLocation="http://www.loc.gov/MARC21/slim http://www.loc.gov/standards/marcxml/schema/MARC21slim.xsd"
    xmlns="http://www.loc.gov/MARC21/slim">

  <leader>03459cam a22002895a 4500</leader>
  <controlfield tag="001">17630102</controlfield>
  <controlfield tag="005">20151116153227.0</controlfield>
  <controlfield tag="008">130219s2013    nyua   frb    001 0 eng d</controlfield>
  <datafield tag="020" ind1=" " ind2=" ">
    <subfield code="a">9781137310897 (hardback)</subfield>
  </datafield>
  <datafield tag="040" ind1=" " ind2=" ">
    <subfield code="a">DLC</subfield>
    <subfield code="b">eng</subfield>
    <subfield code="c">DLC</subfield>
    <subfield code="d">DLC</subfield>
    <subfield code="d">EG-ScBUE</subfield>
  </datafield>
  <datafield tag="043" ind1=" " ind2=" ">
    <subfield code="a">e------</subfield>
  </datafield>
  <datafield tag="082" ind1="0" ind2="4">
    <subfield code="a">325.4</subfield>
    <subfield code="2">22</subfield>
    <subfield code="b">DIS</subfield>
  </datafield>
  <datafield tag="245" ind1="0" ind2="4">
    <subfield code="a">The discourses and politics of migration in Europe /</subfield>
    <subfield code="c">edited by Umut Korkut ... [et al.]</subfield>
  </datafield>
  <datafield tag="260" ind1=" " ind2=" ">
    <subfield code="a">New York :</subfield>
    <subfield code="b">Palgrave Macmillan,</subfield>
    <subfield code="c">2013.</subfield>
  </datafield>
  <datafield tag="300" ind1=" " ind2=" ">
    <subfield code="a">xiv, 236 p. :</subfield>
    <subfield code="b">ill. ;</subfield>
    <subfield code="c">22 cm.</subfield>
  </datafield>
  <datafield tag="490" ind1="0" ind2=" ">
    <subfield code="a">Europe in transition : the NYU European studies series</subfield>
  </datafield>
  <datafield tag="500" ind1=" " ind2=" ">
    <subfield code="a">Index : p. 231-236.</subfield>
  </datafield>
  <datafield tag="504" ind1=" " ind2=" ">
    <subfield code="a">Bibliography : p.  199-225.</subfield>
  </datafield>
  <datafield tag="505" ind1="8" ind2=" ">
    <subfield code="a">Machine generated contents note: -- Contents -- Acknowledgements -- Preface; Martin Schain -- Immigration and Integration Policies: Assumptions and Explanations; Umut Korkut, Gregg Bucken-Knapp and Aidan McGarry -- PART I: CONSTRUCTION OF THE FOREIGNER -- 1. Whose Interests Do Radical Right Parties Really Represent? The Migration Policy Agenda of the Swiss People's Party between -- Nativism and Neoliberalism; Alexandre Afonso -- 2. Domestic Work, Gender and Migration in Turkey: Legal Framework Enabling Social Reality; Hande Eslen-Ziya and Umut Korkut -- 3. Getting the Message Across: Struggling with EU Safe Country Practices in Asylum; Sarah Craig -- PART II: HOST NATIONS -- 4. The Politicization of Roma as an Ethnic 'Other': Security Discourse in France and the Politics of Belonging; Aidan McGarry and Helen Drake -- 5. 'Good' and 'Bad' Immigrants: The Economic Nationalism of the True Finns' Immigration Discourse; Mikko Kuisma -- 6. 'A Two-way Process of Accommodation' Public Perceptions of Integration Along the Migration-mobility Continuum; Kesi Mahendran -- PART III: LAW AND ORDER -- 7. Asylum Policy Responsiveness in Scandinavia; Fr&#xFFFD;y Gudbrandsen -- 8. The Multi-level Governance of Migrant Integration: A Multi-level Governance Perspective on Dutch Migrant Integration Policies; Peter Scholten -- 9. Ideology and Entry Policy: Why Center-Right Parties in Sweden Support Open Door Migration Policies; Andrea Spehar, Gregg Bucken-Knapp and Jonas Hinnfors -- 10. The Discourses and Politics of Migration: Policy, Methodology, and Theory; Umut Korkut, Jonas Hinnfors and Helen Drake -- Notes -- Bibliography -- Index.</subfield>
  </datafield>
  <datafield tag="520" ind1=" " ind2=" ">
    <subfield code="a">"Migration is one of the key issues in contemporary European politics and society, placing high on the political agenda in local, national and transnational political contexts, and widely debated in the media. All European states must grapple with the challenges posed when people move across borders. However, little is known about the relationship between the construction and elaboration of political discourse and its impact on institutions and actors associated with immigration, as well as the lives and everyday realities of frequently vulnerable migrant populations. This book engages with politics and political discourse that relate to and qualify immigration in Europe. It brings together empirical analysis of immigration both topically and contextually, and interprets such empirical evidence with the use of policy and discursive analyses as methodological tools"--</subfield>
  </datafield>
  <datafield tag="650" ind1=" " ind2="0">
    <subfield code="a">Immigrants</subfield>
    <subfield code="z">Europe.</subfield>
    <subfield code="2">BUEsh</subfield>
  </datafield>
  <datafield tag="651" ind1=" " ind2="0">
    <subfield code="a">Europe</subfield>
    <subfield code="x">Emigration and immigration</subfield>
    <subfield code="x">Government policy.</subfield>
    <subfield code="2">BUEsh</subfield>
  </datafield>
  <datafield tag="653" ind1=" " ind2=" ">
    <subfield code="b">BUSBOL</subfield>
    <subfield code="c">November2015</subfield>
  </datafield>
  <datafield tag="655" ind1=" " ind2=" ">
    <subfield code="v">Reading book</subfield>
    <subfield code="9">34232</subfield>
  </datafield>
  <datafield tag="700" ind1="1" ind2=" ">
    <subfield code="a">Korkut, Umut,</subfield>
    <subfield code="e">editor.</subfield>
  </datafield>
  <datafield tag="942" ind1=" " ind2=" ">
    <subfield code="2">ddc</subfield>
  </datafield>
  <datafield tag="999" ind1=" " ind2=" ">
    <subfield code="c">21050</subfield>
    <subfield code="d">21022</subfield>
  </datafield>
  <datafield tag="952" ind1=" " ind2=" ">
    <subfield code="0">0</subfield>
    <subfield code="1">0</subfield>
    <subfield code="2">ddc</subfield>
    <subfield code="4">0</subfield>
    <subfield code="7">0</subfield>
    <subfield code="8">Baccah</subfield>
    <subfield code="a">MAIN</subfield>
    <subfield code="b">MAIN</subfield>
    <subfield code="c">1ST</subfield>
    <subfield code="d">2015-11-16</subfield>
    <subfield code="e">Purchase</subfield>
    <subfield code="l">4</subfield>
    <subfield code="m">7</subfield>
    <subfield code="o">325.4 DIS</subfield>
    <subfield code="p">000031314</subfield>
    <subfield code="r">2025-07-15 00:00:00</subfield>
    <subfield code="s">2020-11-29</subfield>
    <subfield code="y">BB</subfield>
  </datafield>
  <datafield tag="952" ind1=" " ind2=" ">
    <subfield code="0">0</subfield>
    <subfield code="1">0</subfield>
    <subfield code="2">ddc</subfield>
    <subfield code="4">0</subfield>
    <subfield code="7">0</subfield>
    <subfield code="8">Baccah</subfield>
    <subfield code="a">MAIN</subfield>
    <subfield code="b">MAIN</subfield>
    <subfield code="c">1ST</subfield>
    <subfield code="d">2015-11-16</subfield>
    <subfield code="e">Purchase</subfield>
    <subfield code="l">0</subfield>
    <subfield code="o">325.4 DIS</subfield>
    <subfield code="p">000031315</subfield>
    <subfield code="r">2025-07-15 00:00:00</subfield>
    <subfield code="y">BB</subfield>
  </datafield>
  <datafield tag="952" ind1=" " ind2=" ">
    <subfield code="0">0</subfield>
    <subfield code="1">0</subfield>
    <subfield code="2">ddc</subfield>
    <subfield code="4">0</subfield>
    <subfield code="7">0</subfield>
    <subfield code="8">Baccah</subfield>
    <subfield code="a">MAIN</subfield>
    <subfield code="b">MAIN</subfield>
    <subfield code="c">1ST</subfield>
    <subfield code="d">2015-11-16</subfield>
    <subfield code="e">Purchase</subfield>
    <subfield code="l">0</subfield>
    <subfield code="o">325.4 DIS</subfield>
    <subfield code="p">000031316</subfield>
    <subfield code="r">2025-07-15 00:00:00</subfield>
    <subfield code="y">BB</subfield>
  </datafield>
</record>
